| 000 | 00836cam a22002531 4500 | ||
|---|---|---|---|
| 001 | 18706 | ||
| 003 | BD-RjUL | ||
| 005 | 20211209000325.0 | ||
| 008 | 140222s1952 mau b 001 0 eng | ||
| 035 | _a(BD-RjUL)18764 | ||
| 040 |
_aDLC _cDLC _dDLC _dBD-RjUL _beng |
||
| 041 | _aeng | ||
| 082 | 0 | 0 |
_a821.309 _bSME |
| 100 | 1 |
_aSmith, Hallett Darius, _d1907- _957617 |
|
| 245 | 1 | 0 |
_aElizabethan poetry : _ba study in conventions, meaning, and expression / |
| 260 |
_aCambridge : _bHarvard University Press, _c1952. |
||
| 300 |
_aviii, 355 p. ; _c22 cm. |
||
| 504 | _aIncludes Bibliographical footnotes and index. | ||
| 650 | 0 |
_aEnglish poetry _yEarly modern, 1500-1700 _xHistory and criticism. _94392 |
|
| 651 | 0 |
_aGreat Britain _xHistory _yElizabeth, 1558-1603. _957618 |
|
| 942 |
_2ddc _cBK |
||
| 999 |
_c18706 _d18706 |
||